Statistics for Mexican States Without First or Last Letters Quiz #1

Click here to take the quiz!

General Stats

  • This quiz has been taken 12 times
  • The average score is 7 of 8

Answer Stats

Mexican States Without First or Last LettersFull Mexican State Names% Correct
urangDurango
100%
hiapaChiapas
92%
aliscJalisco
92%
ichoacáMichoacán (Michoacán de Ocampo)
92%
uerétarQuerétaro (Querétaro de Arteaga)
92%
ucatáYucatán
92%
idalgHidalgo
83%
abascTabasco
83%

Score Distribution

Percentile by Number Answered

Percent of People with Each Score

Your Score History

You have not taken this quiz